Every tool's a hammer : life is what you make it

Bibliographic Details
Main Author: Savage, Adam
Format: Book
Published: New York : Atria Paperback , 2019
Subjects:

MARC

LEADER 00000cam a2200000 7i4500
001 0000242587
005 20201008155008.0
020 |a 9781982113476 
090 0 0 |a 680.92   |b SAV 
100 1 |a Savage, Adam 
245 1 0 |a Every tool's a hammer :   |b life is what you make it   |c Adam Savage 
260 |a New York :   |b Atria Paperback ,   |c 2019 
300 |a 309p. ;   |c 24cm. 
600 1 0 |a Savage, Adam 
650 0 |a Handicraft 
650 0 |a Mythbusters (Television program) 
999 |a 00380810   |b BUKU   |c PINJAMAN   |e PERPUSTAKAAN KOMUNITI PETALING JAYA